| 000 | 00459cam a2200169ua 4500 | ||
|---|---|---|---|
| 020 | _c270.00 | ||
| 041 |
_aeng _h |
||
| 082 |
_a535.84 _bSAT/VI |
||
| 100 | _aSathyanarayana, D.N . | ||
| 245 |
_aVibrational spectroscopy: Theory and applications / _cD.N.Sathyanarayana. _hTextual Documents |
||
| 260 |
_aNew Delhi : _bNew Age International Ltd , _c2007. |
||
| 300 | _a ; . | ||
| 365 | _a270.00 | ||
| 504 | _a | ||
| 942 | _cBK | ||
| 999 |
_c13439 _d13439 |
||